000 00259nam a2200097 a 4500
005 20200930070702.0
008 110919s1787 000 spa d
245 0 _aMémoires philosophiques, historiques, physiques.
260 _aParís,
_c1787.
999 _c33485
_d33485
040 _aDO-SdBNP